[Event "USCL Week 4"]
[Site "?"]
[Date "2013.09.18"]
[Round "?"]
[White "Liu, Andrew"]
[Black "Jones, Craig"]
[Result "1/2-1/2"]
[WhiteElo "2296"]
[BlackElo "2251"]
[PlyCount "177"]
[EventDate "2013.??.??"]

1. d4 Nf6 2. c4 e6 3. Nc3 Bb4 4. f3 c5 5. d5 O-O 6. e4 Re8 7. Nge2 exd5 8. cxd5
d6 9. a3 Bxc3+ 10. Nxc3 Nh5 11. g3 f5 12. Bg2 fxe4 13. fxe4 Nf6 14. O-O Bg4 15.
Qb3 Nbd7 16. Qxb7 c4 17. Be3 Bh5 18. Qa6 Qb8 19. Rab1 Ne5 20. Bd4 Nfd7 21. Qa4
Qd8 22. Qc2 a6 23. Na2 Qg5 24. Rf5 Qg4 25. Nc3 Rf8 26. Rbf1 Bg6 27. R5f4 Qg5
28. Ne2 Rfe8 29. h4 Qe7 30. Nc3 Rab8 31. Rb1 Nd3 32. Rff1 N7c5 33. Bxc5 Nxc5
34. Rf4 Qe5 35. Kh2 Re7 36. Bf1 Qd4 37. Rd1 Qe3 38. Qd2 Qxd2+ 39. Rxd2 Nd3 40.
Bxd3 cxd3 41. Kg2 a5 42. Kf3 Reb7 43. Nd1 Bh5+ 44. g4 Be8 45. Ke3 Ba4 46. Rff2
Bc2 47. Kd4 Rb3 48. Ne3 Rxb2 49. Nxc2 dxc2 50. Rxc2 Rb1 51. e5 dxe5+ 52. Kxe5
Re8+ 53. Kd6 h5 54. g5 Rb5 55. Rf5 g6 56. Re5 Rd8+ 57. Kc6 Rbxd5 58. Rxd5 Rc8+
59. Kd7 Rxc2 60. Ke6 Rc4 61. Rxa5 Rxh4 62. Kf6 Rf4+ 63. Kxg6 h4 64. Rd5 h3 65.
Rd3 h2 66. Rh3 Rf2 67. Kh6 Rf3 68. Rxh2 Rxa3 69. Rb2 Ra8 70. Rb6 Rc8 71. Kg6
Ra8 72. Kf6 Rc8 73. g6 Ra8 74. Kg5 Rc8 75. Kh6 Ra8 76. Rb7 Rc8 77. Rf7 Ra8 78.
Rg7+ Kh8 79. Rh7+ Kg8 80. Rf7 Rb8 81. Rf6 Ra8 82. Rf7 Rc8 83. Rg7+ Kh8 84. Rh7+
Kg8 85. Rf7 Ra8 86. Rg7+ Kh8 87. Rb7 Rc8 88. Rb6 Ra8 89. Rc6 1/2-1/2